00286nam a2200121Ia 4500008004100000041000800041082001200049100001500061245002400076260002800100300001900128999001700147241015s9999 xx 000 0 und d aeng a920 BED aKabir Bedi aStories I Must Tell bWestlandaChennaic2021 a311;. P. 21 cm c41722d41722